Analýza postupov a výsledkov štatutárneho auditu individuálnej účtovnej závierky vybraného podnikateľského subjektu z hľadiska jeho významu pre účtovnú jednotku diplomová práca

Salvato in:
Dettagli Bibliografici
Autore principale: Vrablecová, Kristína
Ente Autore: Fakulta hospodárskej informatiky EU. Katedra účtovníctva a audítorstva
Altri autori: Bednárová, Michaela, 1987-
Natura: Libro
Lingua:slovacco
Pubblicazione: Bratislava 2022
Tags: Aggiungi Tag
Nessun Tag, puoi essere il primo ad aggiungerne!!

MARC

LEADER 00000nbm a2200000 4500
001 0284373
005 20230320092319.1
041 0 |a slo 
044 |a SK 
245 1 0 |a Analýza postupov a výsledkov štatutárneho auditu individuálnej účtovnej závierky vybraného podnikateľského subjektu z hľadiska jeho významu pre účtovnú jednotku  |b diplomová práca  |c Kristína Vrablecová ; školiteľ: Michaela Bednárová 
264 1 |a Bratislava  |c 2022 
300 |a 65 s. 
100 1 |a Vrablecová, Kristína 
700 1 |a Bednárová, Michaela, 1987- 
710 2 |a Fakulta hospodárskej informatiky EU. Katedra účtovníctva a audítorstva